|
|
|
|
| LEADER |
00000nam#a22000001a#4500 |
| 001 |
00015450 |
| 003 |
AR-BaUAD |
| 005 |
20230908141214.0 |
| 008 |
941102s1978####fr#e|||##||||||||#||fre|d |
| 020 |
|
|
|a 2040100075
|
| 040 |
|
|
|a AR-BaUAD
|b spa
|c AR-BaUAD
|
| 041 |
|
|
|a fre
|
| 044 |
|
|
|c fr
|2 ISO3166-1
|
| 100 |
1 |
|
|a Bresson, Thérèse
|
| 245 |
1 |
0 |
|a Maisons de bois :
|b architectures scandinaves
|
| 260 |
|
|
|a Paris :
|b Dunod,
|c 1978
|
| 300 |
|
|
|a 205 p. :
|b fots., planos, plantas
|
| 504 |
|
|
|a Bibliografía: p. 205.
|
| 700 |
1 |
|
|a Bresson, Jean Marie
|
| 653 |
|
|
|a ARQUITECTURA
|
| 653 |
|
|
|a MADERA
|
| 653 |
|
|
|a CONSTRUCCION
|
| 653 |
|
|
|a MATERIALES DE CONSTRUCCION
|
| 653 |
|
|
|a ESCANDINAVIA
|
| 655 |
|
|
|a TEXTO
|
| 852 |
|
|
|c 49-2
|
| 952 |
|
|
|0 0
|1 0
|4 0
|6 492
|7 0
|9 22377
|a AR-BaUAD
|b AR-BaUAD
|d 0000-00-00
|e compra L. Técnica
|g 80000.00
|i 14340
|l 0
|o 49-2
|p 517q914340
|r 2023-09-08 14:12:14
|w 2023-09-08
|y BK
|
| 990 |
|
|
|a Ej. No1 : 14340 . 30/12/1980 -- compra L. Técnica -- (80000 pesos).
|b ADM
|
| 990 |
|
|
|a CO197
|b TD
|
| 990 |
|
|
|a AQ197
|b TD
|
| 990 |
|
|
|a AAQ00015450
|b CC
|
| 998 |
|
|
|a AAQ
|b Bibun 76
|
| 942 |
|
|
|c BK
|
| 999 |
|
|
|c 9570
|d 9570
|